| 000 | 00662nam a2200145Ia 4500 | ||
|---|---|---|---|
| 008 | 150609s9999 xx 000 0 und d | ||
| 050 |
_aQA 76.76.I59 _b.C58 2015 |
||
| 100 | _aChua, Nikki Marjorie O. | ||
| 245 |
_aDevelopment of an interactive flash application for the subject introduction to multimedia arts / _cNikki Marjorie O. Chua, Clarissa J. Herrera, Eliza Jane M. Maquirang, and Jacob B. Sabuquia. |
||
| 260 |
_aLas PiƱas, Philippines : _bSISC, _c2015. |
||
| 300 |
_a54 pages : _bcolor illustrations ; _c28 cm. |
||
| 500 | _aIncludes bibliographical references and appendices. | ||
| 650 | _aComputer Software | ||
| 650 | _xInteractive Flash Application | ||
| 999 |
_c285001 _d285001 |
||